Statistiques concernant 10 plus grandes villes par hémisphère

Cliquez ici pour prendre le quiz!

Statistiques générales

  • Ce quiz a été pris 9 822 fois
  • Le résultat moyen est 28 sur 40

Réponses sur la Carte

Les réponses sont colorées sur une échelle allant du rouge au vert en fonction du pourcentage des utilisateurs qui les ont devinées à leur premier essai. Vous pouvez retrouver ces pourcentages ci-dessous.
 

Statistiques - réponses

HémisphèrePopulationVille% Correct
Nord-Ouest14,8 millionsLondres
99%
Nord-Ouest22,1 millionsNew York City
98%
Nord-Ouest23,0 millionsMexico
97%
Nord-Est40,4 millionsTokyo
97%
Nord-Ouest17,7 millionsLos Angeles
96%
Nord-Est19,8 millionsPékin
94%
Sud-Est5,30 millionsSydney
94%
Nord-Est21,0 millionsLe Caire
93%
Sud-Ouest13,2 millionsRio de Janeiro
91%
Nord-Est30,3 millionsNew Delhi
90%
Sud-Ouest4,00 millionsBrasilia
87%
Nord-Est24,8 millionsSéoul
87%
Sud-Ouest16,4 millionsBuenos Aires
86%
Nord-Ouest7,85 millionsSan Francisco
86%
Nord-Ouest8,55 millionsWashington
86%
Nord-Ouest9,75 millionsChicago
84%
Nord-Est33,6 millionsShanghai
82%
Sud-Ouest10,1 millionsLima
80%
Sud-Ouest22,4 millionsSão Paulo
80%
Sud-Est31,3 millionsJakarta
78%
Nord-Ouest9,60 millionsBogotá
77%
Nord-Est25,1 millionsMumbai
77%
Sud-Ouest7,20 millionsSantiago
77%
Nord-Ouest7,75 millionsBoston
72%
Sud-Est13,9 millionsJohannesbourg
71%
Nord-Est25,7 millionsManille
69%
Sud-Est4,98 millionsMelbourne
65%
Nord-Ouest7,45 millionsToronto
63%
Sud-Est12,4 millionsKinshasa
59%
Sud-Est5,90 millionsNairobi
58%
Nord-Est20,2 millionsDacca
52%
Nord-Est46,7 millionsCanton
45%
Sud-Est8,15 millionsLuanda
40%
Sud-Est6,45 millionsDar es Salaam
33%
Sud-Ouest5,00 millionsBelo Horizonte
26%
Sud-Ouest3,80 millionsRecife
26%
Sud-Ouest3,68 millionsFortaleza
18%
Sud-Ouest4,13 millionsPorto Alegre
18%
Sud-Est6,95 millionsBandung
13%
Sud-Est6,10 millionsSurabaya
13%

Distribution des résultats

Percentile par nombre de réponses

% des personnes avec chaque résultat

Votre développement - résultats

Vous n’avez pas pris ce quiz